Para leer el Antiguo Testamento: El primer testamento en sus textos.

Αποθηκεύτηκε σε:
Λεπτομέρειες βιβλιογραφικής εγγραφής
Κύριος συγγραφέας: Billon, Gérard (autor)
Άλλοι συγγραφείς: Gruson, Philippe (autor)
Μορφή: Άγνωστο
Έκδοση: Estella (Navarra), España: Verbo Divino, 2009.
Θέματα:
Ετικέτες: Προσθήκη ετικέτας
Δεν υπάρχουν, Καταχωρήστε ετικέτα πρώτοι!

MARC

LEADER 00000 a2200000 4500
003 CL-VaPUC
005 20220706084823.0
008 220614b2009 ||||| |||| 00| 0 eng d
999 |c 435520  |d 435518 
020 |a 9788481698794 
040 |c Pontificia Universidad Católica de Valparaíso 
082 |a 221.07 BIL 2009 
100 |a Billon, Gérard  |9 588062  |e autor 
245 |a Para leer el Antiguo Testamento:   |b El primer testamento en sus textos. 
260 |a Estella (Navarra), España:  |b Verbo Divino,  |c 2009. 
300 |a 191 páginas.  
583 |k Cristina María Rojas Aguilar  |c 20220614 
650 |a Biblia   |x Antiguo testamento  |x Lectura  |9 870730 
700 |a Gruson, Philippe  |e autor  |9 870731 
942 |2 ddc  |c BK 
952 |0 0  |1 0  |2 ddc  |4 0  |6 221_070000000000000_BIL_2009  |7 0  |8 A  |9 583715  |a BIBTEO  |b BIBTEO  |c GEN  |d 2022-06-14  |e 3  |g 17382.00  |i 5651844  |l 2  |m 1  |o 221.07 BIL 2009  |p 5651844  |r 2025-01-17  |s 2022-10-28  |t 1  |v 17382.00  |w 2022-06-14  |y BK  |k ICR